Método Just in Time para la empresa panificadora "La Cesta de Pan" de la ciudad de Oruro / (Registro nro. 16133)
[ vista simple ]
| 000 -LEADER | |
|---|---|
| campo de control de longitud fija | 01453nam a22003374aa4500 |
| 003 - IDENTIFICADOR DE NÚMERO DE CONTROL | |
| campo de control | BOFEUTO |
| 005 - FECHA Y HORA DE LA ÚLTIMA TRANSACCIÓN | |
| campo de control | 20260512110249.0 |
| 008 - DATOS DE LONGITUD FIJA--INFORMACIÓN GENERAL | |
| campo de control de longitud fija | 260504t6278 bo a gr 001 | spa d |
| 040 ## - FUENTE DE CATALOGACIÓN | |
| Enlace | BOFEUTO |
| Centro catalogador/agencia de origen | BOFEUTO |
| Centro/agencia transcriptor | BOFEUTO |
| 041 ## - CÓDIGO DE IDIOMA | |
| Código de lengua del texto/banda sonora o título independiente | spa |
| 044 ## - CÓDIGO DEL PAÍS DE LA ENTIDAD EDITORA/PRODUCTORA | |
| Código MARC del país | bo |
| 082 ## - NÚMERO DE LA CLASIFICACIÓN DECIMAL DEWEY | |
| Número de clasificación | TE6278 |
| Número de ítem | An543m |
| 100 ## - ENTRADA PRINCIPAL--NOMBRE DE PERSONA | |
| Nombre de persona | Andrade Aparicio, Nataly |
| 100 ## - ENTRADA PRINCIPAL--NOMBRE DE PERSONA | |
| Término indicativo de función/relación | autor |
| 245 ## - MENCIÓN DEL TÍTULO | |
| Título | Método Just in Time para la empresa panificadora "La Cesta de Pan" de la ciudad de Oruro / |
| 245 ## - MENCIÓN DEL TÍTULO | |
| Mención de responsabilidad, etc. | Nataly Andrade Aparicio, Rosario del Castillo Rodríguez |
| 260 ## - PUBLICACIÓN, DISTRIBUCIÓN, ETC. | |
| Lugar de publicación, distribución, etc. | Oruro : |
| Nombre del editor, distribuidor, etc. | s/n, |
| Fecha de publicación, distribución, etc. | 2024. |
| 300 ## - DESCRIPCIÓN FÍSICA | |
| Extensión | 108 hojas ; |
| Otras características físicas | cuadros, gráf. ; |
| Dimensiones | 28.5 cm. |
| 500 ## - NOTA GENERAL | |
| Nota general | Incluye bibliografía, anexos. |
| 502 ## - NOTA DE TESIS | |
| Nota de tesis | Tesis Dirigida, (Licenciatura) -- Universidad Técnica de Oruro, Facultad de Ciencias Económicas, Financieras y Administrativas, Carrera Administración de Empresas, 2024. |
| 520 ## - RESUMEN, ETC. | |
| Sumario, etc. | El presente trabajo de investigación tiene como objetivo principal el método JUST IN TIME para la empresa panificadora LA CESTA DE PAN en la ciudad de Oruro. Con el objeto claro se procedió a revisar información, misma que indique una ruta a seguir, para así lograr una propuesta correcta del método JUST IN TIME. |
| 650 ## - PUNTO DE ACCESO ADICIONAL DE MATERIA--TÉRMINO DE MATERIA | |
| Término de materia o nombre geográfico como elemento de entrada | aDMINISTRACIÓN |
| 653 ## - TÉRMINO DE INDIZACIÓN--NO CONTROLADO | |
| Término no controlado | Just In Time (Justo a tiempo) |
| 653 ## - TÉRMINO DE INDIZACIÓN--NO CONTROLADO | |
| Término no controlado | Productividad |
| 653 ## - TÉRMINO DE INDIZACIÓN--NO CONTROLADO | |
| Término no controlado | Modelo Jit |
| 700 ## - ENTRADA AGREGADA--NOMBRE PERSONAL | |
| Nombre de persona | Del Castillo Rodríguez, Rosario |
| 700 ## - ENTRADA AGREGADA--NOMBRE PERSONAL | |
| Término indicativo de función/relación | tutor |
| 942 ## - ELEMENTOS DE ENTRADA SECUNDARIOS (KOHA) | |
| Fuente del sistema de clasificación o colocación | Clasificación Decimal Dewey |
| Tipo de ítem Koha | Tesis |
| 942 ## - ELEMENTOS DE ENTRADA SECUNDARIOS (KOHA) | |
| Fuente del sistema de clasificación o colocación | Clasificación Decimal Dewey |
| 942 ## - ELEMENTOS DE ENTRADA SECUNDARIOS (KOHA) | |
| Suprimir en OPAC | No |
| Fuente del sistema de clasificación o colocación | Clasificación Decimal Dewey |
| Estatus retirado | Estado de pérdida | Fuente del sistema de clasificación o colocación | Estado de daño | No para préstamo | Biblioteca de origen | Biblioteca actual | Ubicación en estantería | Fecha de adquisición | Fuente de adquisición | Número de inventario | Total de préstamos | Signatura topográfica completa | Código de barras | Visto por última vez | Copia número | Precio de reemplazo | Tipo de ítem Koha |
|---|---|---|---|---|---|---|---|---|---|---|---|---|---|---|---|---|---|
| No dañado | Disponible | Clasificación Decimal Dewey | No Dañado | Disponible | Biblioteca Central | Biblioteca Central | Fondo General | 04/05/2026 | Donación | 6278 | TE6278/An543m/2024 | TE6278 | 12/05/2026 | Ej. 1 | 12/05/2026 | Tesis |